00464nam a2200193Ia 4500008004100000020001800041050001400059100002100073245002400094245003800118260001500156260001600171260000900187300001500196300002700211300001000238440001400248500000800262170918s9999 xx 000 0 und d a9780439682497 bL666 2004 aLeviton, Michael aCyrano & the nose / cEdmond Rostand and Nikolai Gogol. aNew York : bScholastic, c2004 a52 pages : bcolored illustration ; c20cm. aRead 180. a450